<?xml version="1.0" encoding="UTF-8"?>
<record
    xmlns:xsi="http://www.w3.org/2001/XMLSchema-instance"
    xsi:schemaLocation="http://www.loc.gov/MARC21/slim http://www.loc.gov/standards/marcxml/schema/MARC21slim.xsd"
    xmlns="http://www.loc.gov/MARC21/slim">

  <leader>01620nam a22002657a 4500</leader>
  <controlfield tag="003">OSt</controlfield>
  <controlfield tag="005">20201023164543.0</controlfield>
  <controlfield tag="008">201023s1980    mx ad||gr|||| 00| 0 spa d</controlfield>
  <datafield tag="020" ind1=" " ind2=" ">
    <subfield code="a">9684261292</subfield>
  </datafield>
  <datafield tag="040" ind1=" " ind2=" ">
    <subfield code="a">CO-JMCR</subfield>
    <subfield code="c">CO-JMCR</subfield>
  </datafield>
  <datafield tag="041" ind1="0" ind2=" ">
    <subfield code="a">spa</subfield>
  </datafield>
  <datafield tag="082" ind1="0" ind2="4">
    <subfield code="a">612.015 / </subfield>
    <subfield code="b">H293m</subfield>
    <subfield code="2">23</subfield>
  </datafield>
  <datafield tag="100" ind1="1" ind2=" ">
    <subfield code="a">Harper, Harold A., </subfield>
    <subfield code="e">autor</subfield>
    <subfield code="9">11904</subfield>
  </datafield>
  <datafield tag="245" ind1="1" ind2="0">
    <subfield code="a">Manual de qu&#xED;mica fisiol&#xF3;gica /   </subfield>
    <subfield code="c">Dr. Harold A. Harper, Dr. Victor W. Rodwell, Dr. Peter A. Mayes</subfield>
  </datafield>
  <datafield tag="250" ind1=" " ind2=" ">
    <subfield code="a">S&#xE9;ptima edici&#xF3;n </subfield>
  </datafield>
  <datafield tag="260" ind1=" " ind2=" ">
    <subfield code="a">M&#xE9;xico : </subfield>
    <subfield code="b">Manual moderno, </subfield>
    <subfield code="c">1980. </subfield>
  </datafield>
  <datafield tag="300" ind1=" " ind2=" ">
    <subfield code="a">793 p&#xE1;ginas : </subfield>
    <subfield code="b">ilustraciones, gr&#xE1;ficos a blanco y negro ; </subfield>
    <subfield code="c">24 cm. </subfield>
  </datafield>
  <datafield tag="505" ind1="0" ind2=" ">
    <subfield code="a">Agua -- Amino&#xE1;cidos y p&#xE9;ptidos -- Prote&#xED;nas -- Propiedades generales de las enzimas -- Propiedades cin&#xE9;ticas de las enzimas -- Regulaci&#xF3;n de la actividad enzim&#xE1;tica -- Gl&#xFA;cidos -- L&#xED;pidos -- Nucle&#xF3;tidos -- &#xC1;cidos nucleicos y cromatina -- Vitaminas liposolubles -- Vitaminas hidrosolubles -- Sangre, linfa y l&#xED;quido cefalorraqu&#xED;deo -- Qu&#xED;mica de la respiraci&#xF3;n -- Porfirinas de la respiraci&#xF3;n -- Porfirinas y pigmentos biliares --  Digesti&#xF3;n y absorci&#xF3;n en el sistema digestivo -- Bioenerg&#xE9;tica -- Oxidaci&#xF3;n biol&#xF3;gica -- El ciclo del &#xE1;cido c&#xED;trico -- Metabolismo de los carbohidratos -- Metabolismo de los l&#xED;pidos -- Metabolismo de los l&#xED;pidos -- Regulaci&#xF3;n del metabolismo de los carbohidratos y de los l&#xED;pidos --   </subfield>
  </datafield>
  <datafield tag="650" ind1="2" ind2="4">
    <subfield code="a">Bioqu&#xED;mica</subfield>
    <subfield code="9">11905</subfield>
  </datafield>
  <datafield tag="650" ind1="2" ind2="4">
    <subfield code="a">Citoqu&#xED;mica</subfield>
    <subfield code="9">11906</subfield>
  </datafield>
  <datafield tag="650" ind1="2" ind2="4">
    <subfield code="a">Metabolismo </subfield>
    <subfield code="x">L&#xED;pidos </subfield>
    <subfield code="9">11907</subfield>
  </datafield>
  <datafield tag="700" ind1="1" ind2=" ">
    <subfield code="a">Rodwell, Dr. Harold A., </subfield>
    <subfield code="e">autor</subfield>
    <subfield code="9">11908</subfield>
  </datafield>
  <datafield tag="700" ind1="1" ind2=" ">
    <subfield code="a">Mayes, Dr. Victor W.,</subfield>
    <subfield code="e">autor</subfield>
    <subfield code="9">11909</subfield>
  </datafield>
  <datafield tag="942" ind1=" " ind2=" ">
    <subfield code="2">ddc</subfield>
    <subfield code="c">BK</subfield>
  </datafield>
  <datafield tag="999" ind1=" " ind2=" ">
    <subfield code="c">6964</subfield>
    <subfield code="d">6964</subfield>
  </datafield>
  <datafield tag="952" ind1=" " ind2=" ">
    <subfield code="0">0</subfield>
    <subfield code="1">0</subfield>
    <subfield code="2">ddc</subfield>
    <subfield code="4">0</subfield>
    <subfield code="7">0</subfield>
    <subfield code="a">CPL</subfield>
    <subfield code="b">CPL</subfield>
    <subfield code="c">GEN</subfield>
    <subfield code="d">2020-10-02</subfield>
    <subfield code="e">Donaci&#xF3;n</subfield>
    <subfield code="l">1</subfield>
    <subfield code="o">612.015 /  H293m</subfield>
    <subfield code="p">201810006</subfield>
    <subfield code="r">2026-02-20 15:56:17</subfield>
    <subfield code="s">2026-02-20</subfield>
    <subfield code="t">Ej.1</subfield>
    <subfield code="w">2020-10-02</subfield>
    <subfield code="y">BK</subfield>
  </datafield>
</record>
